Manual de bioquímica para médicos, naturalistas y farmacéuticos

Uloženo v:
Podrobná bibliografie
Hlavní autor: Karlson, Peter (Autor)
Médium: Kniha
Jazyk:španělština
Vydáno: Barcelona Marín 1965
Témata:
Tagy: Přidat tag
Žádné tagy, Buďte první, kdo vytvoří štítek k tomuto záznamu!

MARC

LEADER 00000nam a2200000 a 4500
001 UCT1322
003 CL-VaPUC
008 960927e19650000SP |||||||||||||||||spa|d
082 0 4 |a 572  |b KAR  |2 21 
100 |a Karlson, Peter  |e author  |9 548596 
245 1 0 |a Manual de bioquímica para médicos, naturalistas y farmacéuticos 
300 |a 386 p 
942 |c BK 
945 |d 19960927 00:00:00  |a cmena 
260 |a Barcelona  |b Marín  |c 1965 
650 0 |a Bioquímica   |9 259492 
650 0 |a Química orgánica   |9 259426 
650 0 |a Tecnología química   |9 263002 
650 0 |a Aminoácidos   |9 259616 
650 0 |a Péptidos  |9 306794 
650 7 |a PROTEINAS  |2 CL-VaPUC  |9 370141 
650 0 |a Enzimas  |9 262984 
650 7 |a FENOMENOS BIOQUIMICOS  |2 CL-VaPUC  |9 360969 
650 7 |a COENZIMAS  |2 CL-VaPUC  |9 361503 
650 0 |a Ácidos nucleicos  |9 348842 
650 0 |a Oxidación  |9 326616 
650 0 |a Reacciones químicas  |9 259438 
650 0 |a Lípidos   |9 306890 
650 0 |a Hidratos de carbono  |9 360963 
650 7 |a MONOSACARIDOS  |2 CL-VaPUC  |9 370142 
650 7 |a GLUCOSA  |2 CL-VaPUC  |9 365820 
650 0 |a Fotosíntesis  |9 261610 
650 0 |a Polisacáridos  |9 262996 
650 7 |a CELULAS BIOLOGIA  |2 CL-VaPUC  |9 370143 
650 7 |a HORMONAS  |2 CL-VaPUC  |9 269554 
650 0 |a Nutrición   |9 259434 
583 |a last modification  |c 19960927 00:00:00  |k Rodrigo Vera 
999 |c 251879  |d 251877